[Event "Asian University"]
[Site "Tornelo INT"]
[Date "2021.09.11"]
[Round "4"]
[White "Javanbakht, Nima"]
[Black "Arjun, Kalyan"]
[Result "1-0"]
[WhiteElo "2472"]
[BlackElo "2532"]
[PlyCount "137"]
[EventDate "2021.09.10"]
[EventType "swiss (rapid)"]
[EventRounds "9"]
[EventCountry "NET"]
[SourceTitle "CBM 204 Extra"]
[Source "ChessBase"]
[SourceDate "2021.11.30"]
[SourceVersion "1"]
[SourceVersionDate "2021.11.30"]
[SourceQuality "1"]

1. d4 Nf6 2. c4 e6 3. Nf3 d5 4. Nc3 h6 5. cxd5 exd5 6. Bf4 Bd6 7. Bxd6 Qxd6 8. Qc2 c6 9. e3 Bg4 10. Ne5 Nbd7 11. f4 Qe6 12. Bd3 g6 13. 0-0 Bf5 14. Rae1 0-0 15. h3 h5 16. Qe2 Kg7 17. b4 a6 18. a4 Rh8 19. Rc1 Ne8 20. b5 axb5 21. axb5 Ndf6 22. bxc6 bxc6 23. Nd1 Rc8 24. Nb2 Ne4 25. Bxe4 Bxe4 26. Na4 f6 27. Nc5 Qe7 28. Nxe4 fxe5 29. Nc3 exd4 30. Nxd5 Qe4 31. Nb6 Rc7 32. Rfe1 Qxe3+ 33. Qxe3 dxe3 34. Rxe3 Rf8 35. Re6 c5 36. Nd5 Rd7 37. Rxc5 Nf6 38. Nxf6 Rxf6 39. Rxf6 Kxf6 40. Kf2 Rd3 41. Re5 Ra3 42. Re3 Ra4 43. Kg3 Kf5 44. Re5+ Kf6 45. Re3 Kf5 46. Rb3 h4+ 47. Kxh4 Rxf4+ 48. g4+ Kf6 49. Rb6+ Kf7 50. Kg5 Rf3 51. h4 Rh3 52. Rf6+ Kg7 53. Rxg6+ Kh7 54. Rb6 Rc3 55. Rb7+ Kg8 56. Kh5 Rc5+ 57. g5 Rc6 58. g6 Rc4 59. Kg5 Ra4 60. h5 Ra5+ 61. Kh6 Ra8 62. Rg7+ Kh8 63. Rf7 Kg8 64. Kg5 Ra1 65. Rc7 Ra5+ 66. Kh6 Ra8 67. Re7 Rb8 68. Kg5 Rb1 69. Re8+ 1-0

[Event "Asian University"]
[Site "Tornelo INT"]
[Date "2021.09.10"]
[Round "2"]
[White "Javanbakht, Nima"]
[Black "Agibileg, Uurtsaikh"]
[Result "1-0"]
[WhiteElo "2472"]
[BlackElo "2440"]
[PlyCount "111"]
[EventDate "2021.09.10"]
[EventType "swiss (rapid)"]
[EventRounds "9"]
[EventCountry "NET"]
[SourceTitle "CBM 204 Extra"]
[Source "ChessBase"]
[SourceDate "2021.11.30"]
[SourceVersion "1"]
[SourceVersionDate "2021.11.30"]
[SourceQuality "1"]

1. d4 Nf6 2. c4 g6 3. Nc3 Bg7 4. e4 d6 5. f3 0-0 6. Be3 c5 7. dxc5 dxc5 8. Qxd8 Rxd8 9. Bxc5 Nc6 10. Be3 b6 11. Rc1 Ba6 12. b3 Nd7 13. Nh3 Nc5 14. Nf4 e6 15. Be2 Nd4 16. Kf2 Rd7 17. Rhd1 Rad8 18. h4 Nxe2 19. Rxd7 Rxd7 20. Kxe2 h6 21. Rc2 Be5 22. Nb5 g5 23. hxg5 hxg5 24. Nh3 f6 25. Nf2 Kf7 26. Rd2 Bb8 27. Bxc5 Rxd2+ 28. Kxd2 bxc5 29. Nd3 Bc8 30. Nxc5 f5 31. b4 Kf6 32. Kd3 Ke5 33. Nd4 Bd6 34. Nc6+ Kf4 35. Nxa7 Bxc5 36. bxc5 Ba6 37. exf5 exf5 38. c6 Kg3 39. c7 Kxg2 40. c8Q Bxc8 41. Nxc8 Kxf3 42. Nd6 f4 43. c5 g4 44. c6 g3 45. c7 g2 46. c8Q g1Q 47. Qb7+ Kg3 48. Qg7+ Kf3 49. Qb7+ Kg4 50. Qc8+ Kf3 51. Qh3+ Kf2 52. Ne4+ Ke1 53. Qh4+ Kd1 54. Qxf4 Qg2 55. Qd2+ Qxd2+ 56. Nxd2 1-0

[Event "TUR-chT 1st League"]
[Site "Konya"]
[Date "2019.07.28"]
[Round "9.8"]
[White "Javanbakht, Nima"]
[Black "Guseynov, Alihan"]
[Result "1/2-1/2"]
[WhiteElo "2461"]
[BlackElo "2282"]
[PlyCount "32"]
[EventDate "2019.07.22"]
[EventType "team-swiss"]
[EventRounds "9"]
[EventCountry "TUR"]
[SourceTitle "CBM 191 Extra"]
[Source "ChessBase"]
[SourceDate "2019.09.30"]
[SourceVersion "1"]
[SourceVersionDate "2019.09.30"]
[SourceQuality "1"]
[WhiteTeam "Malatya Yesilyurt"]
[BlackTeam "Genc Akademisyenler"]
[WhiteTeamCountry "TUR"]
[BlackTeamCountry "TUR"]

1. c4 Nf6 2. Nf3 e6 3. g3 d5 4. d4 Be7 5. Bg2 0-0 6. 0-0 dxc4 7. Qc2 a6 8. Qxc4 b5 9. Qc2 Bb7 10. Bd2 Be4 11. Qc1 Bb7 12. Qc2 Be4 13. Qc1 Bb7 14. Qc2 Be4 15. Qc1 Bb7 16. Qc2 Be4 1/2-1/2

[Event "TUR-chT 1st League"]
[Site "Konya"]
[Date "2019.07.26"]
[Round "7.11"]
[White "Blesic, Vaso"]
[Black "Javanbakht, Nima"]
[Result "1/2-1/2"]
[WhiteElo "2396"]
[BlackElo "2461"]
[PlyCount "42"]
[EventDate "2019.07.22"]
[EventType "team-swiss"]
[EventRounds "9"]
[EventCountry "TUR"]
[SourceTitle "CBM 191 Extra"]
[Source "ChessBase"]
[SourceDate "2019.09.30"]
[SourceVersion "1"]
[SourceVersionDate "2019.09.30"]
[SourceQuality "1"]
[WhiteTeam "Ankara DSI Genclik"]
[BlackTeam "Malatya Yesilyurt"]
[WhiteTeamCountry "TUR"]
[BlackTeamCountry "TUR"]

1. c4 e5 2. Nc3 Nf6 3. g3 d5 4. cxd5 Nxd5 5. Bg2 Nb6 6. Nf3 Nc6 7. 0-0 Be7 8. a3 0-0 9. b4 Re8 10. d3 Bf8 11. Bb2 a5 12. b5 Nd4 13. e3 Nxf3+ 14. Bxf3 a4 15. Rc1 Ra5 16. Qe2 Bd6 17. Rfd1 Qe7 18. Qd2 Qd8 19. Qe2 Qe7 20. Qd2 Qd8 21. Qe2 Qe7 1/2-1/2

[Event "TUR-chT 1st League"]
[Site "Konya"]
[Date "2019.07.24"]
[Round "4.6"]
[White "Javanbakht, Nima"]
[Black "Tutisani, Noe"]
[Result "1-0"]
[WhiteElo "2461"]
[BlackElo "2460"]
[PlyCount "105"]
[EventDate "2019.07.22"]
[EventType "team-swiss"]
[EventRounds "9"]
[EventCountry "TUR"]
[SourceTitle "CBM 191 Extra"]
[Source "ChessBase"]
[SourceDate "2019.09.30"]
[SourceVersion "1"]
[SourceVersionDate "2019.09.30"]
[SourceQuality "1"]
[WhiteTeam "Malatya Yesilyurt"]
[BlackTeam "Karsiyaka Ihtisas"]
[WhiteTeamCountry "TUR"]
[BlackTeamCountry "TUR"]

1. Nf3 Nf6 2. c4 g6 3. Nc3 Bg7 4. e4 d6 5. d4 0-0 6. Be2 e5 7. Be3 Ng4 8. Bg5 f6 9. Bc1 Nc6 10. d5 Ne7 11. h3 Nh6 12. g4 Nf7 13. Rg1 g5 14. h4 Ng6 15. h5 Nf4 16. Nh2 c5 17. Nf1 Re8 18. Ne3 Bf8 19. a3 a5 20. Bd3 Nxd3+ 21. Qxd3 a4 22. Rb1 Bd7 23. b3 axb3 24. Rxb3 Qc8 25. f3 Be7 26. Rg2 Bd8 27. Nb5 Ra6 28. Rgb2 Nh6 29. Kf2 Rf8 30. Kg3 Rf7 31. Nc3 b6 32. Bd2 Qa8 33. Nb5 Bxb5 34. cxb5 Ra4 35. Nc4 Qb8 36. Ra2 Kh8 37. Bc3 Rc7 38. Qe2 Nf7 39. Nb2 Ra8 40. a4 Rca7 41. Rba3 Bc7 42. Nc4 Qe8 43. Qb2 Rb7 44. Rb3 Rab8 45. a5 bxa5 46. b6 a4 47. bxc7 Rxb3 48. cxb8Q Qxb8 49. Qa1 f5 50. Rxa4 Kg7 51. exf5 Rb1 52. Qa2 Rd1 53. Qc2 1-0

[Event "Asia Nations Cup"]
[Site "Hamedan"]
[Date "2018.08.01"]
[Round "5.3"]
[White "Javanbakht, Nima"]
[Black "Kazhgaleyev, Murtas"]
[Result "1/2-1/2"]
[WhiteElo "2439"]
[BlackElo "2575"]
[PlyCount "46"]
[EventDate "2018.07.28"]
[EventType "team-tourn"]
[EventRounds "9"]
[EventCountry "IRI"]
[SourceTitle "CBM 186 Extra"]
[Source "ChessBase"]
[SourceDate "2018.08.24"]
[SourceVersion "1"]
[SourceVersionDate "2018.08.24"]
[SourceQuality "1"]
[WhiteTeam "Iran White"]
[BlackTeam "Kazakhstan"]
[WhiteTeamCountry "IRI"]
[BlackTeamCountry "KAZ"]

1. d4 Nf6 2. c4 e6 3. Nf3 Bb4+ 4. Bd2 a5 5. g3 c5 6. Bg2 cxd4 7. Nxd4 Nc6 8. Nb5 0-0 9. 0-0 d5 10. cxd5 Nxd5 11. N1c3 Qb6 12. Bxd5 exd5 13. Be3 d4 14. Nxd4 Bxc3 15. bxc3 Ne5 16. Qb3 Qg6 17. f3 Re8 18. Bf2 Bh3 19. Rfd1 Re7 20. c4 h5 21. c5 Rae8 22. Rd2 h4 23. Rad1 Rd7 1/2-1/2

[Event "Asia Nations Cup"]
[Site "Hamedan"]
[Date "2018.07.31"]
[Round "4.3"]
[White "Nguyen, Anh Khoi"]
[Black "Javanbakht, Nima"]
[Result "1/2-1/2"]
[WhiteElo "2454"]
[BlackElo "2439"]
[PlyCount "52"]
[EventDate "2018.07.28"]
[EventType "team-tourn"]
[EventRounds "9"]
[EventCountry "IRI"]
[SourceTitle "CBM 186 Extra"]
[Source "ChessBase"]
[SourceDate "2018.08.24"]
[SourceVersion "1"]
[SourceVersionDate "2018.08.24"]
[SourceQuality "1"]
[WhiteTeam "Vietnam"]
[BlackTeam "Iran White"]
[WhiteTeamCountry "VIE"]
[BlackTeamCountry "IRI"]

1. d4 Nf6 2. c4 e5 3. dxe5 Ng4 4. Nf3 Nc6 5. Bf4 Bb4+ 6. Nbd2 d6 7. a3 Bxd2+ 8. Qxd2 Ngxe5 9. Nxe5 dxe5 10. Qxd8+ Kxd8 11. 0-0-0+ Ke7 12. Bd2 Bf5 13. e3 a5 14. b3 Rhd8 15. Be2 Bd3 16. Bxd3 Rxd3 17. Kc2 Rad8 18. Bc3 Rxd1 19. Rxd1 Rxd1 20. Kxd1 Kd6 21. Kc2 Kc5 22. Kd3 f5 23. f3 g6 24. Be1 b6 25. Bh4 Kd6 26. Kc3 h6 1/2-1/2

[Event "Asia Nations Cup rapid"]
[Site "Hamedan"]
[Date "2018.07.27"]
[Round "2"]
[White "Darini, Pouria"]
[Black "Javanbakht, Nima"]
[Result "0-1"]
[WhiteElo "2568"]
[BlackElo "2349"]
[PlyCount "140"]
[EventDate "2018.07.27"]
[EventType "team-swiss (rapid)"]
[EventRounds "7"]
[EventCountry "IRI"]
[SourceTitle "CBM 186 Extra"]
[Source "ChessBase"]
[SourceDate "2018.08.24"]
[SourceVersion "1"]
[SourceVersionDate "2018.08.24"]
[SourceQuality "1"]

1. d4 Nf6 2. Bf4 d5 3. e3 c5 4. c3 Nc6 5. Nd2 cxd4 6. exd4 Bf5 7. Qb3 Qc8 8. Ngf3 e6 9. Nh4 Be4 10. Nxe4 dxe4 11. g3 Be7 12. Ng2 0-0 13. Be2 Nd5 14. Bd2 Rd8 15. Ne3 Bg5 16. 0-0 Nf6 17. f4 exf3 18. Bxf3 e5 19. Bxc6 Bxe3+ 20. Bxe3 Qxc6 21. dxe5 Nd5 22. Bd4 Rd7 23. Rf5 Nc7 24. Raf1 Ne6 25. h4 b5 26. R1f2 a5 27. Kh2 Rad8 28. a3 a4 29. Qa2 h6 30. Qb1 Qc4 31. Qf1 Qd5 32. Bb6 Rb8 33. Be3 Rbb7 34. Qg2 Qd3 35. Qf3 Qc4 36. g4 Nf8 37. Bd4 Ne6 38. Be3 Nf8 39. Rf4 Qe6 40. Rf5 Ng6 41. Qg3 Rd5 42. Bd4 Re7 43. Re2 f6 44. exf6 Qxe2+ 45. Rf2 gxf6 46. Rxe2 Rxe2+ 47. Kg1 Ne5 48. Qf4 Kf7 49. Kf1 Re1+ 50. Kg2 Re2+ 51. Kh3 Rxb2 52. Qxh6 Rb3 53. Qh7+ Ke6 54. Qf5+ Ke7 55. Qe4 Kd6 56. g5 f5 57. Qf4 Ke6 58. h5 Nc6 59. Bh8 Ne5 60. g6 Rxc3+ 61. Kg2 Rc2+ 62. Kg3 Rd3+ 63. Kh4 Nf3+ 64. Kg3 Ne1+ 65. Kh4 Ng2+ 66. Kg5 Nxf4 67. Kxf4 Rc4+ 68. Kg5 Rg4+ 69. Kh6 Rh3 70. Bb2 Rgh4 0-1

[Event "Asia Nations Cup rapid"]
[Site "Hamedan"]
[Date "2018.07.27"]
[Round "3"]
[White "Javanbakht, Nima"]
[Black "Wen, Yang"]
[Result "0-1"]
[WhiteElo "2349"]
[BlackElo "2571"]
[PlyCount "102"]
[EventDate "2018.07.27"]
[EventType "team-swiss (rapid)"]
[EventRounds "7"]
[EventCountry "IRI"]
[SourceTitle "CBM 186 Extra"]
[Source "ChessBase"]
[SourceDate "2018.08.24"]
[SourceVersion "1"]
[SourceVersionDate "2018.08.24"]
[SourceQuality "1"]

1. d4 Nf6 2. c4 e6 3. Nf3 d5 4. Nc3 c6 5. Bg5 h6 6. Bh4 dxc4 7. e4 g5 8. Bg3 b5 9. Be2 Bb7 10. Qc2 Nh5 11. Rd1 Nxg3 12. fxg3 Nd7 13. 0-0 Qb6 14. Kh1 0-0-0 15. b3 cxb3 16. Qxb3 a6 17. a4 Bg7 18. e5 Kb8 19. Rb1 g4 20. Nd2 Qxd4 21. axb5 Nc5 22. Qa3 cxb5 23. Bxb5 Bxe5 24. Bc6 Qxc3 25. Nb3 Nxb3 26. Bxb7 Nd2 27. Qxa6 Nxb1 28. Be4 Rd5 29. Rxb1+ Kc7 30. Qb7+ Kd8 31. Bxd5 exd5 32. Qxd5+ Ke7 33. Rb7+ Bc7 34. Qe4+ Kf6 35. Rb1 h5 36. Rf1+ Kg7 37. Qf5 f6 38. Qd7+ Kh6 39. Qf7 Be5 40. h3 Ra8 41. hxg4 hxg4 42. Qe6 Ra1 43. Rxa1 Qxa1+ 44. Kh2 Qa7 45. Qxg4 Qh7 46. Kg1 Qb1+ 47. Kh2 Qg6 48. Kh3 Qxg4+ 49. Kxg4 Kg6 50. Kh4 Kf5 51. g4+ Kg6 0-1

[Event "IRI-chT 16th"]
[Site "Sari"]
[Date "2017.11.29"]
[Round "2.3"]
[White "Firouzja, Alireza"]
[Black "Javanbakht, Nima"]
[Result "1/2-1/2"]
[WhiteElo "2527"]
[BlackElo "2427"]
[PlyCount "52"]
[EventDate "2017.09.13"]
[EventType "team-swiss"]
[EventRounds "11"]
[EventCountry "IRI"]
[SourceTitle "EXT 2019"]
[Source "ChessBase"]
[SourceDate "2018.10.10"]
[SourceVersion "1"]
[SourceVersionDate "2018.10.10"]
[SourceQuality "1"]
[WhiteTeam "Bandarabbas Azad Univ"]
[BlackTeam "Esfahan Zob Ahan"]
[WhiteTeamCountry "IRI"]
[BlackTeamCountry "IRI"]

1. e4 c5 2. Nf3 Nc6 3. d4 cxd4 4. Nxd4 e5 5. Nb5 d6 6. N1c3 a6 7. Na3 b5 8. Nd5 Nge7 9. c4 Nd4 10. cxb5 Nxd5 11. exd5 Bd7 12. Bd3 axb5 13. 0-0 Be7 14. Be3 Nf5 15. Bxf5 Bxf5 16. Nxb5 Qb8 17. Qe2 0-0 18. Na3 Ra5 19. Rfd1 Qa8 20. Qf3 Bg6 21. Nc4 Rxa2 22. Rac1 f5 23. Bb6 Bg5 24. Be3 Be7 25. Bb6 Bg5 26. Be3 Be7 1/2-1/2

[Event "IRI-chT 16th"]
[Site "Sari"]
[Date "2017.10.17"]
[Round "7.5"]
[White "Golizadeh, Asghar"]
[Black "Javanbakht, Nima"]
[Result "1/2-1/2"]
[WhiteElo "2466"]
[BlackElo "2418"]
[PlyCount "90"]
[EventDate "2017.09.13"]
[EventType "team-swiss"]
[EventRounds "11"]
[EventCountry "IRI"]
[SourceTitle "EXT 2019"]
[Source "ChessBase"]
[SourceDate "2018.10.10"]
[SourceVersion "1"]
[SourceVersionDate "2018.10.10"]
[SourceQuality "1"]
[WhiteTeam "Tabriz Shahrdari"]
[BlackTeam "Esfahan Zob Ahan"]
[WhiteTeamCountry "IRI"]
[BlackTeamCountry "IRI"]

1. Nf3 c5 2. c4 Nf6 3. Nc3 Nc6 4. g3 d5 5. cxd5 Nxd5 6. Bg2 Nc7 7. 0-0 e5 8. d3 Be7 9. Nd2 Bd7 10. Nc4 f6 11. a4 0-0 12. f4 exf4 13. Bxf4 Ne6 14. Bd2 Kh8 15. Rc1 Be8 16. Nd5 Rc8 17. e4 Ncd4 18. Nce3 Bd6 19. Kh1 Bc6 20. Bc3 Qe8 21. a5 Be5 22. b4 Ba4 23. Qe1 Bb5 24. Nc4 Bxc4 25. dxc4 Nc6 26. b5 Bxc3 27. Qxc3 Ncd4 28. e5 Ne2 29. Qe3 Nxc1 30. exf6 Nb3 31. Qxb3 Nd4 32. Qb1 gxf6 33. Nxf6 Qe7 34. Nd5 Rxf1+ 35. Qxf1 Qf8 36. Nf4 Qg7 37. Qe1 Rd8 38. Bd5 b6 39. axb6 axb6 40. Kg2 Rf8 41. Qe4 Rf5 42. Qe8+ Rf8 43. Qe4 Rf5 44. Qe8+ Rf8 45. Qe4 Qf6 1/2-1/2

[Event "Fajr op 25th"]
[Site "Sareyn"]
[Date "2017.02.01"]
[Round "7"]
[White "Javanbakht, Nima"]
[Black "Maghsoodloo, Parham"]
[Result "1/2-1/2"]
[WhiteElo "2406"]
[BlackElo "2584"]
[PlyCount "125"]
[EventDate "2017.01.28"]
[EventType "swiss"]
[EventRounds "11"]
[EventCountry "IRI"]
[SourceTitle "CBM 176 Extra"]
[Source "ChessBase"]
[SourceDate "2017.03.02"]
[SourceVersion "1"]
[SourceVersionDate "2017.03.02"]
[SourceQuality "1"]

1. d4 Nf6 2. c4 g6 3. f3 Bg7 4. e4 d6 5. Nc3 0-0 6. Be3 c5 7. d5 e6 8. Qd2 exd5 9. cxd5 a6 10. a4 Nbd7 11. Nh3 Ne5 12. Nf2 Ne8 13. Be2 f5 14. f4 Nf7 15. exf5 Bxf5 16. 0-0 Rb8 17. Kh1 Nc7 18. a5 b5 19. axb6 Rxb6 20. g4 Bc8 21. Nfe4 Re8 22. Rae1 Rb4 23. Bf3 Nb5 24. Qg2 Nd4 25. f5 gxf5 26. gxf5 Nxf5 27. Bh5 Re7 28. Bg5 Nxg5 29. Nxg5 Nh4 30. Qg3 Nf5 31. Qg2 Nh4 32. Qg3 Rxe1 33. Rxe1 Ng6 34. Nxh7 Ne5 35. Ng5 Bg4 36. Ne6 Qf6 37. Nxg7 Kxg7 38. h3 Qf3+ 39. Qxf3 Bxf3+ 40. Bxf3 Nxf3 41. Re7+ Kf6 42. Re6+ Kf5 43. Kg2 Nd4 44. Rxd6 Rxb2+ 45. Kf1 Nb5 46. Rb6 Rb4 47. Nxb5 axb5 48. d6 Ke6 49. Ke2 c4 50. Kd2 Rb3 51. Kc2 Rxh3 52. Rxb5 Kxd6 53. Rg5 Rd3 54. Rh5 Rd5 55. Rxd5+ Kxd5 56. Kc3 Kc5 57. Kc2 Kd4 58. Kd2 c3+ 59. Kc2 Kc4 60. Kc1 Kb3 61. Kb1 c2+ 62. Kc1 Ka2 63. Kxc2 1/2-1/2

[Event "Fajr op 25th"]
[Site "Sareyn"]
[Date "2017.01.31"]
[Round "5"]
[White "Javanbakht, Nima"]
[Black "Hejazipour, Mitra"]
[Result "1/2-1/2"]
[WhiteElo "2406"]
[BlackElo "2307"]
[PlyCount "57"]
[EventDate "2017.01.28"]
[EventType "swiss"]
[EventRounds "11"]
[EventCountry "IRI"]
[SourceTitle "CBM 176 Extra"]
[Source "ChessBase"]
[SourceDate "2017.03.02"]
[SourceVersion "1"]
[SourceVersionDate "2017.03.02"]
[SourceQuality "1"]

1. d4 Nf6 2. c4 e6 3. Nf3 b6 4. g3 Bb4+ 5. Nbd2 Bb7 6. Bg2 0-0 7. 0-0 Be7 8. Qc2 c5 9. e4 d5 10. exd5 exd5 11. dxc5 Bxc5 12. Nb3 Be7 13. Nfd4 Na6 14. Rd1 Rc8 15. Nf5 Re8 16. Bg5 b5 17. Nxe7+ Qxe7 18. c5 h6 19. Bxf6 Qxf6 20. a4 bxa4 21. Rxa4 Qe7 22. Ra5 Nb4 23. Qc3 Nc6 24. Raa1 d4 25. Nxd4 Nxd4 26. Qxd4 Bxg2 27. Kxg2 Rxc5 28. b4 Qb7+ 29. Kg1 1/2-1/2

[Event "Fajr op 25th"]
[Site "Sareyn"]
[Date "2017.01.30"]
[Round "4"]
[White "Mousavi, Seyed Khalil"]
[Black "Javanbakht, Nima"]
[Result "1-0"]
[WhiteElo "2422"]
[BlackElo "2406"]
[PlyCount "81"]
[EventDate "2017.01.28"]
[EventType "swiss"]
[EventRounds "11"]
[EventCountry "IRI"]
[SourceTitle "CBM 176 Extra"]
[Source "ChessBase"]
[SourceDate "2017.03.02"]
[SourceVersion "1"]
[SourceVersionDate "2017.03.02"]
[SourceQuality "1"]

1. c4 e6 2. Nf3 Nf6 3. g3 d5 4. Bg2 d4 5. e3 c5 6. b4 Nc6 7. b5 Nb4 8. 0-0 dxe3 9. fxe3 Nd3 10. Ba3 Be7 11. Nc3 a6 12. Ne1 axb5 13. Nxb5 0-0 14. Qe2 Nxe1 15. Rfxe1 Bd7 16. Bb2 Bc6 17. a4 Qd7 18. Red1 Rfc8 19. a5 Ra6 20. e4 Rca8 21. Bc3 Bd8 22. d4 cxd4 23. Nxd4 Bxa5 24. Rxa5 Rxa5 25. Nxc6 Ra2 26. Rxd7 Rxe2 27. Rxb7 Nxe4 28. Ba5 g5 29. Rb5 h6 30. Re5 f5 31. Rxe6 Kf7 32. Re5 Re8 33. Rxf5+ Kg6 34. Rb5 Nd2 35. Ne5+ Kf6 36. Ng4+ Kg6 37. Rb6+ Kg7 38. Bc3+ Kf8 39. Rf6+ Ke7 40. Bb4+ Kd8 41. Rd6+ 1-0

[Event "Asia-ch U20"]
[Site "New Delhi"]
[Date "2016.05.11"]
[Round "9"]
[White "Aravindh, Chithambaram VR"]
[Black "Javanbakht, Nima"]
[Result "1-0"]
[WhiteElo "2528"]
[BlackElo "2417"]
[PlyCount "109"]
[EventDate "2016.05.04"]
[EventType "swiss"]
[EventRounds "9"]
[EventCountry "IND"]
[SourceTitle "CBM 172 Extra"]
[Source "ChessBase"]
[SourceDate "2016.06.21"]
[SourceVersion "1"]
[SourceVersionDate "2016.06.21"]
[SourceQuality "1"]

1. Nf3 d5 2. g3 Bg4 3. Bg2 c6 4. 0-0 Nd7 5. d3 Ngf6 6. Nbd2 e5 7. e4 Bd6 8. Qe1 0-0 9. h3 Bh5 10. Nh4 Re8 11. Nf5 Bf8 12. Nf3 dxe4 13. dxe4 Nc5 14. N3h4 Qb6 15. b3 Ne6 16. Be3 Bc5 17. Nd6 Red8 18. Nc4 Qc7 19. Bxc5 Nxc5 20. f4 exf4 21. e5 f3 22. Bxf3 Bxf3 23. Rxf3 Nd5 24. Nf5 f6 25. Ncd6 Re8 26. Qf2 Ne6 27. exf6 Ng5 28. f7+ Qxf7 29. Nxf7 Nxh3+ 30. Kg2 Nxf2 31. Kxf2 Kxf7 32. Nd6+ Kg6 33. Nxe8 Rxe8 34. Re1 Rd8 35. Kg2 Rd7 36. Rd3 h5 37. Re6+ Kf5 38. Re2 Kg6 39. Kg1 Rc7 40. c4 Nf6 41. Kg2 Kf7 42. a4 Rc8 43. a5 a6 44. Re5 c5 45. Rf3 Kg6 46. Re7 Rb8 47. Rc7 Ne4 48. Rff7 b5 49. Rxg7+ Kf5 50. Rgf7+ Kg6 51. Rf4 Nd2 52. Rc6+ Kg7 53. Rxa6 Nxb3 54. cxb5 Rxb5 55. Rb6 1-0

[Event "Asia-ch Junior blitz"]
[Site "Delhi"]
[Date "2016.05.11"]
[Round "2.4"]
[White "Javanbakht, Nima"]
[Black "Srijit, Paul"]
[Result "1-0"]
[WhiteElo "2350"]
[BlackElo "2053"]
[PlyCount "121"]
[EventDate "2016.05.11"]
[EventType "swiss (blitz)"]
[EventRounds "9"]
[EventCountry "IND"]
[SourceTitle "EXT 2022"]
[Source "ChessBase"]
[SourceDate "2021.10.06"]
[SourceVersion "1"]
[SourceVersionDate "2021.10.06"]
[SourceQuality "1"]

1. d4 f5 2. e4 fxe4 3. Nc3 Nf6 4. Bg5 Nc6 5. d5 Ne5 6. Qe2 c6 7. 0-0-0 Nxd5 8. Nxe4 Qa5 9. Kb1 Qb5 10. Qxb5 cxb5 11. Rxd5 Nf7 12. Be3 a6 13. Nf3 e6 14. Rd2 d5 15. Neg5 Nd6 16. Bd3 h6 17. Bg6+ Ke7 18. Nh7 Nc4 19. Bc5+ Kd8 20. Bxf8 Nxd2+ 21. Nxd2 Rg8 22. Nf3 Bd7 23. Bc5 Be8 24. Ne5 Bxg6 25. Nxg6 Ke8 26. h4 Kf7 27. h5 Rac8 28. b4 b6 29. Bxb6 Rh8 30. Nhf8 Rhxf8 31. Nxf8 Kxf8 32. Bd4 Rc4 33. c3 Kf7 34. Rh3 g5 35. hxg6+ Kxg6 36. Kc2 h5 37. Kd3 a5 38. a3 axb4 39. axb4 Rc8 40. Re3 Re8 41. Re5 Re7 42. Bc5 Re8 43. f3 h4 44. Bf2 Kf6 45. f4 Rg8 46. Bxh4+ Kf7 47. g3 Rc8 48. g4 Rh8 49. Rh5 Rg8 50. Rh7+ Kf8 51. Bg5 e5 52. Bh6+ Ke8 53. fxe5 Rxg4 54. e6 Re4 55. e7 Re1 56. Bg5 Re5 57. Rh8+ Kf7 58. Rf8+ Kg6 59. e8Q+ Rxe8 60. Rxe8 Kxg5 61. Re5+ 1-0

[Event "Asia-ch Junior blitz"]
[Site "Delhi"]
[Date "2016.05.11"]
[Round "9.4"]
[White "Krishna Teja, N."]
[Black "Javanbakht, Nima"]
[Result "1/2-1/2"]
[WhiteElo "2149"]
[BlackElo "2350"]
[PlyCount "110"]
[EventDate "2016.05.11"]
[EventType "swiss (blitz)"]
[EventRounds "9"]
[EventCountry "IND"]
[SourceTitle "EXT 2022"]
[Source "ChessBase"]
[SourceDate "2021.10.06"]
[SourceVersion "1"]
[SourceVersionDate "2021.10.06"]
[SourceQuality "1"]

1. Nf3 g6 2. g3 Bg7 3. d4 d5 4. Bg2 Nf6 5. 0-0 0-0 6. c3 b6 7. a4 a5 8. Na3 Ba6 9. Ne5 c5 10. dxc5 bxc5 11. c4 e6 12. Nb5 Ne4 13. Nd3 Nd7 14. cxd5 exd5 15. Nf4 Nb6 16. Nxd5 Nxd5 17. Bxe4 Bb7 18. Ra3 c4 19. Bxd5 Bxd5 20. Nc7 Qxc7 21. Qxd5 Rad8 22. Qf3 Rfe8 23. Bf4 Qc5 24. Ra2 Qb4 25. Rb1 c3 26. b3 Rc8 27. Rc2 h5 28. Be3 Qd6 29. Bf4 Qc5 30. Rbc1 Qa3 31. Rb1 Qc5 32. Be3 Qd6 33. Bf4 Qc5 34. Be3 Qd6 35. Bf4 Qc5 36. Be3 Qd6 37. Bf4 Qc5 38. Be3 Qa3 39. Qf4 Rb8 40. Bd4 Rxb3 41. Rxb3 Qxb3 42. Bxg7 Kxg7 43. Qd4+ Kg8 44. Rxc3 Qb1+ 45. Kg2 Qe4+ 46. Qxe4 Rxe4 47. e3 Rxa4 48. Rc8+ Kg7 49. Rc6 Ra1 50. Ra6 a4 51. h4 Kf8 52. Ra7 a3 53. Kf3 Kg7 54. Ra6 Kf8 55. Ra7 Kg7 1/2-1/2

[Event "Asia-ch Junior blitz"]
[Site "Delhi"]
[Date "2016.05.11"]
[Round "5.5"]
[White "Shailesh, Dravid"]
[Black "Javanbakht, Nima"]
[Result "1/2-1/2"]
[WhiteElo "2216"]
[BlackElo "2350"]
[PlyCount "81"]
[EventDate "2016.05.11"]
[EventType "swiss (blitz)"]
[EventRounds "9"]
[EventCountry "IND"]
[SourceTitle "EXT 2022"]
[Source "ChessBase"]
[SourceDate "2021.10.06"]
[SourceVersion "1"]
[SourceVersionDate "2021.10.06"]
[SourceQuality "1"]

1. e4 c5 2. Nf3 Nc6 3. d4 cxd4 4. Nxd4 e5 5. Nb5 d6 6. N1c3 a6 7. Na3 Be6 8. Nc4 b5 9. Ne3 g6 10. g3 Bg7 11. Bg2 Nf6 12. 0-0 Rc8 13. Ncd5 0-0 14. c3 a5 15. Qe2 b4 16. cxb4 axb4 17. Bd2 Nd4 18. Qa6 Bxd5 19. Nxd5 Nxd5 20. exd5 Rb8 21. Rfc1 f5 22. Be3 e4 23. Qc4 Qf6 24. Rd1 Nb5 25. Qxb4 Qxb2 26. Rab1 Qxb4 27. Rxb4 Nc3 28. Rxb8 Rxb8 29. Rd2 Rb1+ 30. Bf1 Ra1 31. Kg2 Rxa2 32. Rxa2 Nxa2 33. Bf4 Bf8 34. f3 Nc3 35. fxe4 Nxe4 36. Kf3 g5 37. Be3 g4+ 38. Kg2 Kf7 39. Bd3 Kf6 40. Bd4+ Kg5 41. Be3+ 1/2-1/2